• 首页
  • 本馆介绍
  • 公告通知
  • 最新文献
  • 馆藏检索
  • 电子资源
  • 读者导购
  • 参考咨询
  • 我的图书馆
  • 登录
  • 详细信息显示
  • 放入我的书架
  • 预约/预借图书
  • 作者相关作品
  • 分类相关作品
  • 丛书相关作品
  • 出版社相关作品

书目信息

  • 表格格式
  • 工作单格式
  • 卡片格式
题名:
政治哲学的巅峰对垒
    
 
作者: 熊逸 著
分册:  
出版信息: 北京   北京联合出版公司  2020.03
页数: 416页
开本: 21cm
丛书名:
单 册:
中图分类: D0-02
科图分类:
主题词: 政治哲学
电子资源:
ISBN: 978-7-5596-3651-5
000 00977nam0 2200253 450
001 0120192921774
005 20231122165959.29
010    @a978-7-5596-3651-5@dCNY58.00
010    @a978-7-5596-3648-5@dCNY223.00(全4册)
100    @a20200414d2020 em y0chiy50 ea
101 0  @achi
102    @aCN@b110000
105    @ay z 000yy
200 1  @a政治哲学的巅峰对垒@9zheng zhi zhe xue de dian feng dui lei@b专著@f熊逸著
210    @a北京@c北京联合出版公司@d2020.03
215    @a416页@d21cm
300    @a熊逸书院 读创
330    @a这是一本有关哲学论著。作者兼顾西方与东方哲学,为读者梳理哲学与人生之间的联系。以西方为焦点,作者从哲学原意延伸而出,引经据典,包括西方哲学经典作品以及小说作品。该书共分11章,内容包括:霍布斯的《利维坦》;英国小说的对决;《互助论》、《天演论》和《社会学研究》等。
333    @a哲学研究人员
606 0  @a政治哲学
690    @aD0-02@v5
701  0 @a熊逸@9xiong yi@4著
801  0 @aCN@b人天书店@c20200414
905    @b1298291-92@dD0-02@e376@f2
    
    政治哲学的巅峰对垒/熊逸著.-北京:北京联合出版公司,2020.03
    416页;21cm
    熊逸书院 读创.-使用对象:哲学研究人员
    
    ISBN 978-7-5596-3651-5:CNY58.00
    这是一本有关哲学论著。作者兼顾西方与东方哲学,为读者梳理哲学与人生之间的联系。以西方为焦点,作者从哲学原意延伸而出,引经据典,包括西方哲学经典作品以及小说作品。该书共分11章,内容包括:霍布斯的《利维坦》;英国小说的对决;《互助论》、《天演论》和《社会学研究》等。
●
相关链接 在E读中查询图书 在五车中查询图书 在当当中查询图书 在豆瓣中查询图书


正题名:政治哲学的巅峰对垒     索取号:D0-02/376         预约/预借

序号 登录号 条形码 馆藏地/架位号 状态 备注
1 1298291   212982913   第一样本阅览室/ [索取号:D0-02/376] 在馆    
2 1298292   212982922   第一借阅区/ [索取号:D0-02/376] 在馆    
3 1410075   214100756   第一借阅区/ [索取号:D0-02/376] 在馆    
4 1410076   214100765   第一借阅区/ [索取号:D0-02/376] 在馆    
5 1410077   214100774   第一借阅区/ [索取号:D0-02/376] 在馆    
唐山师范学院图书馆 欢迎您!
大连网信软件有限公司© 版权所有